LEADER 01017nam0 2200301 450 001 000017514 005 20090311112547.0 010 $a0387221972 100 $a20081014d2005----km-y0itay50------ba 101 0 $aeng 102 $aUS 105 $aa-------001yy 200 1 $aMicroflows and nanoflows$efundamentals and simulation$fGeorge Karniadakis, Ali Beskok, Narayan Aluru$gforeword by Chih-Ming Ho 210 $aNew York$cSpringer$dc2005 215 $aXXI, 817 p.$cill.$d24 cm 225 2 $aInterdisciplinary applied mathematics$v29 410 0$12001$aInterdisciplinary applied mathematics 610 1 $aAnalisi 676 $a510.1$v20$9Matematica. Filosofia e teoria 700 1$aKarniadakis,$bGeorge Em$0472770 701 1$aAluru,$bNarayan$0503756 701 1$aBeskok,$bAli$0503755 702 1$aHo,$bChih-Ming 801 0$aIT$bUNIPARTHENOPE$c20081014$gRICA$2UNIMARC 912 $a000017514 951 $aDSA 510-M/1$b3615$cDSA$d2008 996 $aMicroflows and Nanoflows$9719524 997 $aUNIPARTHENOPE LEADER 00832nam0-2200277 --450 001 9910312057703321 005 20190313123115.0 100 $a20190313d1944----kmuy0itay5050 ba 101 $aeng 102 $aUS 105 $a 001yy 200 1 $aChemical engineering thermodynamics$fby Barnett F. Dodge 205 $aInternational student ed 210 $aNew York$aLondon$cMcGraw-Hill$d1944 215 $aXVIII, 680 p., [1] c. di tav.$cill.$d24 cm. 225 1 $aMcGraw-Hill chemical engineering series 610 0 $aTermodinamica 676 $a541.369$v20 700 1$aDodge,$bBarnett Fred$093738 801 0$aIT$bUNINA$gREICAT$2UNIMARC 901 $aBK 912 $a9910312057703321 952 $a15 ID B/4-27$bs.i.$fDINID 959 $aDINID 996 $aChemical engineering thermodynamics$91546232 997 $aUNINA